Spam The Letter J - Statistics

General Stats
  • This quiz has been taken 686 times
  • The average score is 18 of 21
Answer Stats
Level SPAMMMM % Correct
START j
100%
super duper duper easy jj
100%
super duper easy jjj
99%
super easy jjjj
99%
very easy jjjjj
98%
pretty easy jjjjjj
98%
easy jjjjjjj
98%
not very easy jjjjjjjj
96%
kinda easy jjjjjjjjj
95%
somewhat easy jjjjjjjjjj
94%
midium jjjjjjjjjjj
94%
not hard jjjjjjjjjjjjj
94%
not too hard jjjjjjjjjjjjjj
93%
somewhat hard jjjjjjjjjjjjjjj
90%
kinda hard jjjjjjjjjjjjjjjjjj
87%
hard jjjjjjjjjjjjjjjjjjjjjjjjj
80%
very hard jjjjjjjjjjjjjjjjjjjjjjjjjjjjjjjjjjjjjjjjj
64%
super hard jjjjjjjjjjjjjjjjjjjjjjjjjjjjjjjjjjjjjjjjjjjjjjjjjjjjjj
56%
super duper hard jjjjjjjjjjjjjjjjjjjjjjjjjjjjjjjjjjjjjjjjjjjjjjjjjjjjjjjjjjjjjjj
52%
super duper duper hard jjjjjjjjjjjjjjjjjjjjjjjjjjjjjjjjjjjjjjjjjjjjjjjjjjjjjjjjjjjjjjjjjj
51%
IMPOSSIBLE jjjjjjjjjjjjjjjjjjjjjjjjjjjjjjjjjjjjjjjjjjjjjjjjjjjjjjjjjjjjjjjjjjjjjjjjjjjjjjjjjjjjjjjjjjjjjjjj
43%
No matching quizzes found
Score Distribution
Percent of People with Each Score
Percentile by Number Answered
Your Score History
You have not taken this quiz